[Event "IECG TE.2005.P.01911"]
[Site "IECG email"]
[Date "2005.06.19"]
[Round "?"]
[White "Stibal, George"]
[Black "Mueller, Frank Roman"]
[Result "1-0"]
[WhiteElo "1885"]
[BlackElo "1362"]
[PlyCount "33"]
[EventDate "2005.06.19"]
[EventType "tourn (corr)"]
[EventRounds "8"]
[SourceTitle "Corr 2008"]
[Source "ChessBase"]
[SourceDate "2008.06.24"]
[SourceVersion "1"]
[SourceVersionDate "2008.06.24"]
[SourceQuality "1"]

1. d4 d5 2. e4 dxe4 3. Nc3 e6 4. f3 exf3 5. Nxf3 Bb4 6. Bd3 Nf6 7. 0-0 0-0 8. a3 Bd6 9. Bg5 h6 10. Bxf6 Qxf6 11. Qe1 Qf4 12. Ne4 f5 13. Ne5 Bxe5 14. Rxf4 Bxf4 15. Nc5 Rf6 16. Bc4 Kh7 17. Bxe6 1-0

[Event "IECG TE.2004.P.01409 email"]
[Site "IECG email"]
[Date "2004.03.17"]
[Round "?"]
[White "Eacker, Barry"]
[Black "Mueller, Frank Roman"]
[Result "1-0"]
[WhiteElo "1516"]
[BlackElo "1395"]
[PlyCount "35"]
[EventDate "2004.03.17"]
[EventType "tourn (corr)"]
[EventRounds "12"]
[SourceTitle "Corr 2024"]
[Source "ChessBase"]
[SourceDate "2023.10.19"]
[SourceVersion "1"]
[SourceVersionDate "2023.10.19"]
[SourceQuality "1"]

1. d4 Nf6 2. c4 e6 3. Nc3 Bb4 4. f3 c6 5. e4 d5 6. e5 Nfd7 7. cxd5 cxd5 8. a3 Nc6 9. axb4 Qh4+ 10. g3 Qxd4 11. b5 Qxd1+ 12. Nxd1 Ncxe5 13. Be3 b6 14. Rc1 Bb7 15. Bd4 0-0 16. Rc7 Bc8 17. Ne3 a6 18. f4 1-0

[Event "IECG TE.2004.P.01409 email"]
[Site "IECG email"]
[Date "2004.03.17"]
[Round "?"]
[White "Mueller, Frank Roman"]
[Black "Eacker, Barry"]
[Result "0-1"]
[WhiteElo "1395"]
[BlackElo "1516"]
[PlyCount "40"]
[EventDate "2004.03.17"]
[EventType "tourn (corr)"]
[EventRounds "12"]
[SourceTitle "Corr 2024"]
[Source "ChessBase"]
[SourceDate "2023.10.19"]
[SourceVersion "1"]
[SourceVersionDate "2023.10.19"]
[SourceQuality "1"]

1. d4 Nf6 2. c4 e6 3. Nc3 Bb4 4. f3 c5 5. a3 Bxc3+ 6. bxc3 d5 7. cxd5 Nxd5 8. Bb2 Ne3 9. Qd3 Nxf1 10. Kxf1 0-0 11. h4 b6 12. Nh3 Nc6 13. Ng5 f5 14. Qc4 Na5 15. Qd3 h6 16. Nh3 Qxh4 17. dxc5 Rd8 18. Qc2 bxc5 19. g4 Nc4 20. Nf2 Ne3+ 0-1

[Event "IECG CP.2001.P.00063"]
[Site "IECG email"]
[Date "2001.10.01"]
[Round "?"]
[White "Helbig, Andreas"]
[Black "Mueller, Frank Roman"]
[Result "1-0"]
[WhiteElo "2007"]
[BlackElo "1412"]
[PlyCount "42"]
[EventDate "2001.10.01"]
[EventType "tourn (corr)"]
[EventRounds "6"]
[SourceTitle "Corr 2008"]
[Source "ChessBase"]
[SourceDate "2008.06.24"]
[SourceVersion "1"]
[SourceVersionDate "2008.06.24"]
[SourceQuality "1"]

1. d4 Nf6 2. c4 e6 3. Nf3 b6 4. a3 Bb7 5. Nc3 Be7 6. d5 a5 7. e4 0-0 8. Bd3 Na6 9. e5 Ne8 10. Qc2 g6 11. Bh6 Ng7 12. 0-0 Nc5 13. Rad1 d6 14. Rfe1 f5 15. Bf1 Re8 16. b4 axb4 17. axb4 Na4 18. Nxa4 exd5 19. Nc3 dxe5 20. Nxd5 Bd6 21. Bg5 Qc8 1-0

[Event "IECG TE.2001.P.00617 email"]
[Site "IECG email"]
[Date "2001.03.20"]
[Round "?"]
[White "Mueller, Frank Roman"]
[Black "Malmstroem, Jan"]
[Result "0-1"]
[WhiteElo "1439"]
[BlackElo "1898"]
[PlyCount "20"]
[EventDate "2001.03.20"]
[EventType "tourn (corr)"]
[EventRounds "8"]
[SourceTitle "Corr 2008"]
[Source "ChessBase"]
[SourceDate "2008.06.24"]
[SourceVersion "1"]
[SourceVersionDate "2008.06.24"]
[SourceQuality "1"]

1. e4 c5 2. d4 cxd4 3. c3 dxc3 4. Nxc3 Nc6 5. Nf3 d6 6. Bb5 Bg4 7. 0-0 a6 8. Bxc6+ bxc6 9. Qa4 Qc7 10. Nd5 Qb7 0-1